Score 0/16 Timer 03:00
0 Plays Today
Title or Product Name Missing Word % Correct
______-rayBlu
88.9%
______ LoopsFroot
87.3%
Rice ______Krispies
86.5%
Mortal ______Kombat
83.5%
Pursuit of ______Happyness
81.6%
Inglourious ______Basterds
78.4%
Double ______ OreosStuf
72.6%
California ______Gurls
70.3%
Title or Product Name Missing Word % Correct
______ n the HoodBoyz
66.8%
Kiss Me ______ the PhoneThru
42.3%
______ EggCreme
40.4%
Pet ______Sematary
36.4%
______ Along Little DogiesGit
34.4%
Hot in ______Herre
34.2%
The ______Beatles
32.1%
All ______ (Don't Stop)Nite
11.6%

Today's Daily Dose

Remove Ads.
Support Sporcle.
Get the best of Sporcle when you Go Orange. This ad-free experience offers more features, more stats, and more fun while also helping to support Sporcle. Thank you for becoming a member.

You're not logged in!

Compare scores with friends on all Sporcle quizzes.
OR
Log In

Show Comments

Extras

Top Quizzes Today


Score Distribution

Your Account Isn't Verified!

In order to create a playlist on Sporcle, you need to verify the email address you used during registration. Go to your Sporcle Settings to finish the process.

Report this User

Report this user for behavior that violates our Community Guidelines.

Details: